| 000 | 02114cam a2200493Ia 4500 | ||
|---|---|---|---|
| 999 |
_c200446439 _d64651 |
||
| 003 | TR-AnTOB | ||
| 005 | 20231009110741.0 | ||
| 006 | m o d | ||
| 007 | cr cnu---aauau | ||
| 008 | 100122t20102002enka o 001 0 eng d | ||
| 020 | _a9780470612521 | ||
| 020 | _a0470612525 | ||
| 024 | 7 |
_a10.1002/9780470612521 _2doi |
|
| 035 | _a(OCoLC)501313840 | ||
| 037 |
_a10.1002/9780470612521 _bWiley InterScience _nhttp://www3.interscience.wiley.com |
||
| 040 |
_aDG1 _beng _erda _cDG1 _dDG1 _dOCLCQ _dOCLCF _dOCLCO _dYDXCP _dOCLCQ _dDEBBG _dTR-AnTOB |
||
| 041 | 0 | _aeng | |
| 049 | _aMAIN | ||
| 050 | 0 | 4 |
_aTJ220 _b.A5313 2010EBK |
| 090 |
_aTJ220 _b.A5313 2010EBK |
||
| 130 | 0 |
_aAnalyse des systemes lineaires/Commande des systemes lineaires. _lEnglish. |
|
| 245 | 1 | 0 |
_aAnalysis and control of linear systems / _ceditör, Philippe de Larminat. |
| 264 | 1 |
_aLondon ; _aNewport Beach, CA : _bISTE, _c2010. |
|
| 264 | 1 | _c©2002 | |
| 300 |
_a1 online resources (xvi, 543 pages) ; _billustrations. |
||
| 336 |
_atext _btxt _2rdacontent |
||
| 337 |
_acomputer _bc _2rdamedia |
||
| 338 |
_aonline resource _bcr _2rdacarrier |
||
| 490 | 0 | _aControl systems, robotics and manufacturing series | |
| 504 | _aBIBINDX | ||
| 533 |
_aElectronic reproduction. _bHoboken, N.J. : _cWiley InterScience, _d2010. _nMode of access: World Wide Web. _nSystem requirements: Web browser. _nTitle from title screen (viewed on Jan. 21, 2010). _nAccess may be restricted to users at subscribing institutions. |
||
| 650 | 0 |
_aLinear control systems _9419 |
|
| 650 | 0 |
_aAutomatic control _9735 |
|
| 650 | 7 |
_aAutomatic control. _2fast _0(OCoLC)fst00822702 |
|
| 650 | 7 |
_aLinear control systems. _2fast _0(OCoLC)fst00999065 |
|
| 655 | 7 |
_aElectronic books. _2local |
|
| 700 | 1 |
_aLarminat, Philippe de _eeditor _9141839 |
|
| 710 | 2 | _aWiley InterScience (Online service) | |
| 776 | 1 |
_cOriginal _z9781905209354 _z1905209355 _w(DLC) 2006033665 _w(OCoLC)72799248 |
|
| 856 | 4 | 0 |
_3Wiley Online Library _zOnline access link to the resource _uhttps://doi.org/10.1002/9780470612521 |
| 942 |
_2lcc _cEBK |
||